Bọ xít bắt mồi trên một số cây trồng ở miền Bắc Việt Nam Bọ xít bắt mồi-Thiên địch đối với sâu hại cây trồng
Giới thiệu tổng quan và phương pháp nghiên cứu các loại bọ xít; Thành phần, sư đa dạng loài của nhóm bọ xít bắt mồi và vật nuôi của chúng; Đặc điểm về hình thái, sinh học và sinh thái học của một số loài bọ xít bắt mồi phổ biến... Một số biện pháp bảo vệ......
Đã lưu trong:
| Tác giả chính: | |
|---|---|
| Định dạng: | Sách |
| Năm xuất bản: |
H.
Nông nghiệp
2004
|
| Chủ đề: | |
| Tags: |
Thêm thẻ
Không có thẻ, Hãy là người đầu tiên gắn thẻ bản ghi này!
|
| LEADER | 02465nam a2200277 4500 | ||
|---|---|---|---|
| 082 | |a 632.7 |b TR561X | ||
| 100 | |a Trương Xuân Lam | ||
| 245 | |a Bọ xít bắt mồi trên một số cây trồng ở miền Bắc Việt Nam |b Bọ xít bắt mồi-Thiên địch đối với sâu hại cây trồng |c Trương Xuân Lam, Vũ Quang Côn . | ||
| 260 | |a H. |b Nông nghiệp |c 2004 | ||
| 300 | |a 220tr. |c 21cm | ||
| 520 | |a Giới thiệu tổng quan và phương pháp nghiên cứu các loại bọ xít; Thành phần, sư đa dạng loài của nhóm bọ xít bắt mồi và vật nuôi của chúng; Đặc điểm về hình thái, sinh học và sinh thái học của một số loài bọ xít bắt mồi phổ biến... Một số biện pháp bảo vệ... | ||
| 653 | |a Nông nghiệp | ||
| 653 | |a bọ xít | ||
| 653 | |a Côn trùng gây hại | ||
| 942 | |2 ddc |c STK0 | ||
| 999 | |c 6577 |d 6577 | ||
| 952 | |0 0 |1 0 |2 ddc |4 0 |6 632_700000000000000_TR561X |7 0 |8 600 |9 61355 |a qbu |b qbu |c D3 |d 2015-01-21 |g 18000 |o 632.7 TR561X |p 5977.c1 |r 0000-00-00 |w 2015-01-21 |y STK0 | ||
| 952 | |0 0 |1 0 |2 ddc |4 0 |6 632_700000000000000_TR561X |7 0 |8 600 |9 61356 |a qbu |b qbu |c D3 |d 2015-01-21 |g 18000 |o 632.7 TR561X |p 5977.c2 |r 0000-00-00 |w 2015-01-21 |y STK0 | ||
| 952 | |0 0 |1 0 |2 ddc |4 0 |6 632_700000000000000_TR561X |7 0 |8 600 |9 61357 |a qbu |b qbu |c D3 |d 2015-01-21 |g 18000 |o 632.7 TR561X |p 5977.c3 |r 0000-00-00 |w 2015-01-21 |y STK0 | ||
| 952 | |0 0 |1 0 |2 ddc |4 0 |6 632_700000000000000_TR561X |7 0 |8 600 |9 61358 |a qbu |b qbu |c D3 |d 2015-01-21 |g 18000 |o 632.7 TR561X |p 5977.c4 |r 0000-00-00 |w 2015-01-21 |y STK0 | ||
| 952 | |0 0 |1 0 |2 ddc |4 0 |6 632_700000000000000_TR561X |7 0 |8 600 |9 61359 |a qbu |b qbu |c D3 |d 2015-01-21 |g 18000 |o 632.7 TR561X |p 5977.c5 |r 0000-00-00 |w 2015-01-21 |y STK0 | ||
| 952 | |0 0 |1 0 |2 ddc |4 0 |6 632_700000000000000_TR561X |7 0 |8 600 |9 61360 |a qbu |b qbu |c D3 |d 2015-01-21 |g 18000 |o 632.7 TR561X |p 5977.c6 |r 0000-00-00 |w 2015-01-21 |y STK0 | ||
| 952 | |0 0 |1 0 |2 ddc |4 0 |6 632_700000000000000_TR561X |7 0 |8 600 |9 61361 |a qbu |b qbu |c D3 |d 2015-01-21 |g 18000 |o 632.7 TR561X |p 5977.c7 |r 0000-00-00 |w 2015-01-21 |y STK0 | ||
| 952 | |0 0 |1 0 |2 ddc |4 0 |6 632_700000000000000_TR561X |7 0 |8 600 |9 61362 |a qbu |b qbu |c D3 |d 2015-01-21 |g 18000 |o 632.7 TR561X |p 5977.c8 |r 0000-00-00 |w 2015-01-21 |y STK0 | ||
| 952 | |0 0 |1 0 |2 ddc |4 0 |6 632_700000000000000_TR561X |7 0 |8 600 |9 61363 |a qbu |b qbu |c D3 |d 2015-01-21 |g 18000 |o 632.7 TR561X |p 5977.c9 |r 0000-00-00 |w 2015-01-21 |y STK0 | ||
| 952 | |0 0 |1 0 |2 ddc |4 0 |6 632_700000000000000_TR561X |7 0 |8 600 |9 61364 |a qbu |b qbu |c D3 |d 2015-01-21 |g 18000 |o 632.7 TR561X |p 5977.c10 |r 0000-00-00 |w 2015-01-21 |y STK0 | ||